000 00610nam a2200157 a 4500
008 101101s1998 ||||||||||||||||| || |
050 _aCBU-SB(05)JB
100 _aMpuku, Herrick C
245 1 0 _aTaxation and its implications for the work-force in the 1998 budget
260 _aKitwe
_bCopperbelt University School of Business
_c1998
300 _a6-15pp.
350 _a0.00
650 _aBUDGET PLANNING--ZAMBIA
650 0 _aBUSINESS
995 _D0.00
_FCBU-MAIN LIBRARY (Kitwe)
_H1
_I0.00
_M1
_UAVAILABLE
_WNov 1, 2010
_ZInternational Publications
999 _c59408
_d59408